[Event "FIN-chT 0506"]
[Site "Finland"]
[Date "2005.09.10"]
[Round "1.2"]
[White "Ivanov, Sergei S"]
[Black "Karttunen, Mika"]
[Result "0-1"]
[WhiteElo "2354"]
[BlackElo "2409"]
[PlyCount "118"]
[EventDate "2005.09.10"]
[EventType "team-tourn"]
[EventRounds "9"]
[EventCountry "FIN"]
[SourceTitle "EXT 2022"]
[Source "ChessBase"]
[SourceDate "2021.10.06"]
[SourceVersion "1"]
[SourceVersionDate "2021.10.06"]
[SourceQuality "1"]
[WhiteTeam "Joensuu SK"]
[BlackTeam "Jyvaskyla JyS"]
[WhiteTeamCountry "FIN"]
[BlackTeamCountry "FIN"]

1. e4 c5 2. Nf3 e6 3. d3 Nc6 4. g3 d6 5. Bg2 Nf6 6. 0-0 Be7 7. c3 0-0 8. Re1 Bd7 9. d4 cxd4 10. cxd4 d5 11. exd5 Nxd5 12. Nc3 Nxc3 13. bxc3 Rc8 14. Bd2 b6 15. c4 Bf6 16. Bc3 Ne7 17. Qb3 Qc7 18. Bf1 Rfd8 19. Ne5 Bxe5 20. Rxe5 Bc6 21. Bb2 Bb7 22. Qe3 Nf5 23. Qf4 f6 24. Rxf5 exf5 25. Qxf5 Qe7 26. d5 Rf8 27. a4 g6 28. Qf4 Qc7 29. Qh4 Qd6 30. Ba3 Qe5 31. Rb1 Rf7 32. Bb2 Qf5 33. Re1 Rcf8 34. Bh3 Qc2 35. Qd4 Bc8 36. Bxc8 Rxc8 37. Rc1 Qxa4 38. d6 Qc6 39. Ba3 Re8 40. c5 bxc5 41. Bxc5 Qe4 42. Qd2 Rd7 43. h4 a6 44. Ba3 Kg7 45. Qa5 Qe2 46. Qd5 Re5 47. Qd4 Qf3 48. Qa4 Qb7 49. Qd4 Rd5 50. Qe3 R5xd6 51. Bxd6 Rxd6 52. Qc5 Rd7 53. h5 Qf3 54. hxg6 hxg6 55. Re1 Qb7 56. Qa3 Qa7 57. Re6 a5 58. Qc3 Rf7 59. Qd3 Qb7 0-1